| 000 | 01281cam a2200133 4500500 | ||
|---|---|---|---|
| 005 | 20251214005154.0 | ||
| 041 | _afre | ||
| 042 | _adc | ||
| 100 | 1 | 0 |
_ade Singly, François _eauthor |
| 245 | 0 | 0 | _aLe questionnaire |
| 260 |
_bArmand Colin,
_c2020. |
||
| 520 | _aCet ouvrage répond à deux questions indissociables : à quoi servent les enquêtes par questionnaire ? Comment produire de « bons chiffres » ?Grâce à de nombreuses enquêtes, il permet d’acquérir une double compétence : d’une part, celle de la sociologie explicative, avec la recherche des déterminants sociaux des comportements ; d’autre part, celle des règles de la formulation des questions, le choix de l’échantillon, le codage et surtout les principes de lecture des tableaux statistiques. Tous ces actes mêlent réflexion théorique sur l’objet étudié et décision empirique. Et ce sont ces allers et retours entre les deux niveaux qui forment le raisonnement sociologique.Réactualisé dans cette 5e édition, l’ouvrage s’adresse aux étudiants en sciences sociales, aux chargés d’études, aux travailleurs sociaux et aux cadres des collectivités locales. | ||
| 856 | 4 | 1 | _uhttps://shs.cairn.info/le-questionnaire--9782200626877?lang=fr&redirect-ssocas=7080 |
| 999 |
_c1568696 _d1568696 |
||